00515nam a2200145Ia 4500003000900000008004100009020002600050040001600076100002400092245006500116260003200181300002000213490003300233856010300266IN-BaIIA211028s9999 xx s 000 0 eng d a9780819495440 (Print) cIIA Library aDianat, Sohail, ed. 0aWireless Sensing, Localization, and Processing VIIIh[eBook] aWashington, USAbSPIEc2013 aOnline resource aProceedings of SPIE; V. 8753 uhttps://www.spiedigitallibrary.org/conference-proceedings-of-spie/8753yClick Here to Access eBook